000 00378pam a2200157a 44500
008 230515b2011 xxu||||| |||| 00| 0 eng d
020 _a9788123909455
041 _aENGLISH
082 _a660.28
100 _aBHATTACHARYYA B.C.
245 _aCHEMICAL EQUIPMENT DESIGN
250 _a2012
260 _aNEW DELHI
_bC B S PUBLICATION
_c2011
300 _a298P
650 _aNULL
999 _c609575
_d609575